00242nam a2200097Ia 4500008004100000100001800041245001500059260004400074300000800118650001800126191201s2009 xx 000 0 und d aSAHANI, A.J.S 0aGyan Sagar aDelhibGanga International Schoolc2009 a149 aGeneral Books